| Tag |
First Indicator |
Second Indicator |
Subfields |
| LEADER |
00000cam a2200000 a 4500 |
| 001 |
in00000648213 |
| 005 |
20151015065344.0 |
| 008 |
790301s1978 uk ab b 00100 engmd |
| 020 |
|
|
|a 0297774697
|
| 020 |
|
|
|a 0297774700
|
| 035 |
|
|
|a (OCoLC)04703372
|
| 035 |
|
|
|9 ACW4724AM
|
| 040 |
|
|
|a FGM
|c FGM
|d m.c.
|d TXA
|d UtOrBLW
|
| 043 |
|
|
|a e-uk---
|
| 049 |
|
|
|a TXAM
|c [1386045]
|
| 090 |
|
|
|a HN389
|b .W67
|
| 245 |
0 |
0 |
|a Work, urbanism and inequality :
|b UK society today /
|c edited by Philip Abrams.
|
| 264 |
|
1 |
|a London :
|b Weidenfeld and Nicolson,
|c [1978]
|
| 264 |
|
4 |
|c ©1978
|
| 300 |
|
|
|a xx, 310 pages :
|b illustrations, maps ;
|c 24 cm.
|
| 336 |
|
|
|a text
|b txt
|2 rdacontent
|
| 337 |
|
|
|a unmediated
|b n
|2 rdamedia
|
| 338 |
|
|
|a volume
|b nc
|2 rdacarrier
|
| 500 |
|
|
|a Includes index.
|
| 504 |
|
|
|a Bibliography: pages [297]-304.
|
| 651 |
|
0 |
|a Great Britain
|x Social conditions
|y 1945-
|
| 700 |
1 |
|
|a Abrams, Philip.
|
| 999 |
|
|
|a MARS
|
| 999 |
f |
f |
|s 7880333b-8081-3361-a211-dd97995b9337
|i 144a5139-6c6f-3532-99d9-5ad2912d64ce
|t 0
|
| 952 |
f |
f |
|p ric
|a Texas A&M University
|b Rellis Campus
|c Joint Library Facility
|d Remote Storage
|t 0
|e HN389 .W67
|h Library of Congress classification
|i unmediated -- volume
|m A14802942661
|
| 998 |
f |
f |
|a HN389 .W67
|t 0
|l Remote Storage
|